000 02358cam a2200409 i 4500
999 _c57862
_d57862
001 18054497
005 20210319143406.0
008 140305s2015 enka b 001 0 eng
010 _a 2014007621
020 _a9781107664340 (paperback)
040 _aDLC
_beng
_cDLC
_erda
_dDLC
042 _apcc
043 _ae------
050 0 0 _aKJE947
_b.E883 2014
080 _a341.2 Ch-43
082 0 0 _a341.242/2
_223
100 1 _aChalmers, Damian,
_eauthor.
_99684
245 1 0 _aEuropean Union law :
_btext and materials /
_cDamian Chalmers, Gareth Davies, Giorgio Monti.
250 _aThird edition.
264 1 _aCambridge, United Kingdom :
_bCambridge University Press,
_c2014.
300 _acxi, 1114 pages :
_billustrations ;
_c25 cm
336 _atext
_2rdacontent
337 _aunmediated
_2rdamedia
338 _avolume
_2rdacarrier
504 _aIncludes bibliographical references and index.
520 _a"The cover of this book portrays the Myth of Europa . The story has it that Europa, a Phoenician princess, was abducted by Zeus, the god of thunder, disguised as a bull. Zeus had been searching for a wife beautiful enough to become Queen of his native Crete. When he saw Europa he was smitten. Europa was gathering fl owers by the seaside with her friends when she came upon the bull. Uncommonly gentle, the bull inspired no fear. Decking its horns with fl owers, Europa climbed upon its back, whereupon the bull - Zeus - took off at a trot and dived into the sea. Europa was carried off to Crete, where she became the mother of Minos, the mythical King of Crete, who periodically demanded a tribute of young men and women of Athens to be sacrificed to the Minotaur"--
_cProvided by publisher.
610 2 0 _aEuropean Union.
_910575
650 0 _aLaw
_zEuropean Union countries.
_99670
653 _aEuropean Union Law : Text and Materials
653 _aევროპული სამართალი : ტექსტი და მასალები
653 _aЗакон Европейского Союза : текст и материалы
700 1 _aDavies, Gareth,
_eauthor.
_99686
700 1 _aMonti, Giorgio,
_eauthor.
_99687
906 _a7
_bcbc
_corignew
_d1
_eecip
_f20
_gy-gencatlg
942 _2udc
_cBK
955 _bxg09 2014-03-05
_ixg09 2014-03-05 ONIX to Dewey
_axg13 2014-08-18 1 copy rec'd., to CIP ver.